Nevesta hôľ a iné prózy

Bibliographic Details
Main Author: Švantner, František, 1912-1950 (Author)
Format: Book
Language:Slovak
PhysicalDescription:193 s. 21 cm
Published: Bratislava Perfekt 2001
ISBN:8080461910
Series:Najkrajšie diela slovenskej literatúry
Subjects:

MARC

LEADER 00000cam a2200000 a 4500
001 vtls001436954
003 SK-MaSNL
005 20260301103721.0
008 240226s2001 xo gr 000 j slo
015 |a SNBA2002/09-03089 
020 |a 8080461910 
035 |a SNK000392063 
035 |a urn:nbn:sk:snk-am3iru6 
035 |a F08F7772-801D-44FB-9431-782029EFF173 
035 |a urn:nbn:sk:snk-am00ffg8 
040 |a SNK  |b slo  |c SNK  |e AACR2 
041 0 |a slo 
044 |a xo  |c SK 
080 |a 821.162.4-32  |2 2011 
100 1 |a Švantner, František,  |d 1912-1950  |4 aut  |9 107863 
245 1 |a Nevesta hôľ a iné prózy  |c František Švantner 
260 |a Bratislava  |b Perfekt  |c 2001 
300 |a 193 s.  |c 21 cm 
490 1 |a Najkrajšie diela slovenskej literatúry 
655 7 |a slovenské novely  |2 SNKPH  |9 70570 
655 7 |a slovenské poviedky  |2 SNKPH  |9 70226 
655 7 |a Slovak novellas  |2 SNKPHeng  |9 286713 
655 7 |a Slovak tales  |2 SNKPHeng  |9 277330 
740 0 2 |a Nevesta hôľ 
740 0 2 |a Malka 
740 0 2 |a Aťka 
740 0 2 |a Stretnutie 
740 0 2 |a Dáma 
740 0 2 |a Kňaz 
740 0 2 |a Prvý sneh 
830 0 |a Najkrajšie diela slovenskej literatúry  |9 301886 
919 |a 80-8046-191-0 
958 |a TL 
958 |a LX 
999 |c 696014  |d 697944 
952 |t P60, <03>, [BOOK], {603}  |a SNK  |b SNK  |y PREZ  |7 0  |p 17A0348958  |o snkSC 108518  |i snkKSP 8218/2002  |0 0  |1 0  |4 0  |d 2002-07-01  |f 1  |l 0  |r 2025-09-29 00:00:00  |w 2026-02-23 
952 |t P60, <04>, [BOOK], {604}  |a SNK  |b SNK  |y VYP  |7 0  |p 17A0348959  |o snkSC 108518 D1  |i snkKSP 8219/2002  |0 0  |1 0  |4 0  |d 2002-07-01  |l 0  |r 2005-01-02 00:00:00  |w 2026-02-23